000 00353nam a2200133Ia 4500
008 220217s9999||||xx |||||||||||||| ||und||
020 _a81-8404-350-3
082 _a005.13 POW
100 _aPowers, Shelley
245 0 _aAdding ajax
260 _aShroff publishers and dist.Pvt.
_bMumbai
_c2007
300 _b400
650 _aPROGRAMMING LANGUAGE
999 _c177254
_d177254